| 000 | 00939nas a2200289 4500 | ||
|---|---|---|---|
| 001 | BR0802024 | ||
| 003 | BR-BrBNA | ||
| 005 | 20231205111905.0 | ||
| 007 | ta | ||
| 008 | 230509b bl.|||p| |||| 00| 00por d | ||
| 040 |
_aBR-BrBNA _bpor _cBiblioteca Nacional de Agricultura |
||
| 041 | _a(Pt) | ||
| 072 | _aF04 | ||
| 100 | 1 | _aAlmeida Neto, J.X. de | |
| 100 | 1 | _aCarneiro, I.F. | |
| 100 | 1 | _aPereira, A.V. | |
| 245 | 1 | _aEfeito de diferentes resíduos orgânicos no desenvolvimento e na produtividade da alface (Lactuca sativa L.) | |
| 650 | _aALFACE | ||
| 650 | _aADUBAÇÃO | ||
| 650 | _aLATOSSOLO VERMELHO ESCURO | ||
| 650 | _aESTERCO | ||
| 650 | _aNUTRIENTE | ||
| 650 | _aPRODUTIVIDADE | ||
| 773 | 0 |
_tAnais da Escola de Agronomia e Veterinária - Universidade Federal de Goiás (Brazil) _xISSN 0100-218X _g(Jan-Dec 1990), v. 20(1) p. 45-51 _wBR0802024 |
|
| 909 |
_a202311 _bLúcia _c55 _dLúcia Elande |
||
| 942 |
_2AGRIS _n0 _cANA |
||
| 999 |
_c194983 _d194983 |
||